=LDR 00000nam 2200000 4500 =001 INLIS000000000049189 =005 20170127142624.0 =006 =007 =008 =020 ##$$a 978-979-3988-20-7 =035 ##$$0010-011700000000470 =040 ##$$a NBPDMAT =082 ##$$a 297.455 =090 ##$$a 297455 $bSud n =100 ##$$a Sudirman H. Makka =245 ##$$a Narkoba dalam perspektif Islam dan kesehatan $c/ Sudirman H. Makka =250 ##$$a Cet. 1 =260 ##$$a Yogyakarta $b Genta Press $c 2014 =300 ##$$a xx, 135 hlm. ; $c 20 cm =500 ##$$a Bibliografi hlm : 135 =650 ##$$a Narkoba dalam Islam =850 ##$$a NBPDMAT =990 ##$$a 21605180 =990 ##$$a 21605181 =990 ##$$a 21605182 =990 ##$$a 21605183 =990 ##$$a 21605184 =990 ##$$a 162/46/2017 =990 ##$$a 21605181 =990 ##$$a 21605182 =990 ##$$a 21605183 =990 ##$$a 21605184 =990 ##$$a 162/46/2017 =990 ##$$a 162/46/2017 =990 ##$$a 21605181 =990 ##$$a 21605183 =990 ##$$a 21605184 =990 ##$$a 162/46/2017 =990 ##$$a 162/46/2017 =990 ##$$a 21605181 =990 ##$$a 162/46/2017 =990 ##$$a 21605184 =990 ##$$a 162/46/2017 =990 ##$$a 162/46/2017 =990 ##$$a 162/46/2017 =990 ##$$a 162/46/2017 =990 ##$$a 21605184